00705nam a2200241 a 4500001001300000003000900013005001700022008004100039020002300080082001700103100002100120245004000141260003200181300000900213500003500222505001000257650002500267700002100292902000800313942000700321952011800328999001700446nice12345678IN_TiNIC20260116013638.0050524s1995 dela grp 000 0 eng  a0670221 c35000a954.092bGAN aGandhi, Rajmohan aGood Boatmanb a Portrait of Gandhi aDelhibPenguin Books c1995 a494p aincludes index and biblioraphy2 aIndex aGandhi M K-Biography1 aGandhi, Rajmohan bSRS cBK 001040708StackRoom-aHMIbHMId2011-08-03g350.00l0o954.092 GANp016356r2011-08-03v350.00w2005-05-24yBK c11787d11787